Environmental engineering (Record no. 5357)

000 -LEADER
fixed length control field 00678nam a2200241 4500
001 - CONTROL NUMBER
control field 5357
003 - CONTROL NUMBER IDENTIFIER
control field BD-DhUET
008 - FIXED-LENGTH DATA ELEMENTS--GENERAL INFORMATION
fixed length control field 141126b xxu||||| |||| 00| 0 eng d
020 ## - INTERNATIONAL STANDARD BOOK NUMBER
International Standard Book Number 0071002316
040 ## - CATALOGING SOURCE
Transcribing agency 0
Modifying agency BD-DhUET
082 ## - DEWEY DECIMAL CLASSIFICATION NUMBER
Classification number 628
Item number PEA/1985
100 ## - MAIN ENTRY--PERSONAL NAME
Personal name Peavy, Howard S
245 ## - TITLE STATEMENT
Title Environmental engineering
250 ## - EDITION STATEMENT
Edition statement 1st ed.
260 ## - PUBLICATION, DISTRIBUTION, ETC. (IMPRINT)
Place of publication, distribution, etc. New york
Name of publisher, distributor, etc. McGraw-Hill
Date of publication, distribution, etc. 1985
300 ## - PHYSICAL DESCRIPTION
Extent xiv,699 p.+various paging
Other physical details ill.
490 ## - SERIES STATEMENT
Series statement McGraw-Hill series in water resources and environmental engineering
504 ## - BIBLIOGRAPHY, ETC. NOTE
Bibliography, etc Includes bibliographies
650 #0 - SUBJECT ADDED ENTRY--TOPICAL TERM
Topical term or geographic name as entry element Environmental engineering
700 ## - ADDED ENTRY--PERSONAL NAME
Personal name Rowe, Donald R.
700 ## - ADDED ENTRY--PERSONAL NAME
Personal name Tchobanoglous, George
942 ## - ADDED ENTRY ELEMENTS (KOHA)
Koha item type General Book
Holdings
Damaged status Koha date last seen Date acquired Sublocation or collection (holding branch) Location (home branch) Koha full call number Lost status Koha item type Copy number Koha normalized classification for sorting Price effective from Source of classification or shelving scheme Shelving location Not for loan Koha renewals Koha issues (times borrowed) Withdrawn status Koha date last borrowed Piece designation (barcode)
 2024-09-082014-11-26Central Library, BUETCentral Library, BUET628/PEA/1985 General Book1628PEA19852014-11-26 Circulation section  9 2023-12-1081896
 2024-06-022014-11-26Central Library, BUETCentral Library, BUET628/PEA/1985 General Book2628PEA19852014-11-26 Circulation section  10 2024-03-1681895
 2015-06-182015-06-18Central Library, BUETCentral Library, BUET628/PEA/1985 Reading Item3628_000000000000000_PEA_19852015-06-18 Reading section     88788
 2015-06-182015-06-18Central Library, BUETCentral Library, BUET628/PEA/1985 Reading Item4628_000000000000000_PEA_19852015-06-18 Reading section     87579
 2021-11-131991-10-28Central Library, BUETCentral Library, BUET628/PEA/1985 General Book5628_000000000000000_PEA_19852017-10-31 Circulation section  2 2020-03-1681894
 2024-12-011991-10-28Central Library, BUETCentral Library, BUET628 PEA/1985 Rental Itemক-৫১628_000000000000000_PEA_19852024-12-01 Rental section     81847
 2024-12-011991-10-28Central Library, BUETCentral Library, BUET628 PEA/1985 Rental Itemক-৭৮628_000000000000000_PEA_19852024-12-01 Rental section     81874
 2024-12-011991-10-28Central Library, BUETCentral Library, BUET628 PEA/1985 Rental Itemক-৭৯628_000000000000000_PEA_19852024-12-01 Rental section     81875
 2024-12-011991-10-28Central Library, BUETCentral Library, BUET628 PEA/1985 Rental Itemক-৮০628_000000000000000_PEA_19852024-12-01 Rental section     81876
 2024-12-011991-10-28Central Library, BUETCentral Library, BUET628 PEA/1985 Rental Itemক-৮১628_000000000000000_PEA_19852024-12-01 Rental section     81877
 2024-12-011991-10-28Central Library, BUETCentral Library, BUET628 PEA/1985 Rental Itemক-৮২628_000000000000000_PEA_19852024-12-01 Rental section     81878
 2024-12-011991-10-28Central Library, BUETCentral Library, BUET628 PEA/1985 Rental Itemক-৮৩628_000000000000000_PEA_19852024-12-01 Rental section     81879
 2024-12-011991-10-28Central Library, BUETCentral Library, BUET628 PEA/1985 Rental Itemক-৮৪628_000000000000000_PEA_19852024-12-01 Rental section     81880
 2024-12-011991-10-28Central Library, BUETCentral Library, BUET628 PEA/1985 Rental Itemক-৮৫628_000000000000000_PEA_19852024-12-01 Rental section     81881
 2024-12-011991-10-28Central Library, BUETCentral Library, BUET628 PEA/1985 Rental Itemক-৮৬628_000000000000000_PEA_19852024-12-01 Rental section     81882
 2024-12-011991-10-28Central Library, BUETCentral Library, BUET628 PEA/1985 Rental Itemক-৮৭628_000000000000000_PEA_19852024-12-01 Rental section     81883
 2024-12-011991-10-28Central Library, BUETCentral Library, BUET628 PEA/1985 Rental Itemক-৮৭628_000000000000000_PEA_19852024-12-01 Rental section     81884